[Event "Tradewise Gibraltar 2016 - Chalengers A"]
[Site "Gibraltar ENG"]
[Date "2016.01.25"]
[Round "1.25"]
[White "Lochte, Szilvia"]
[Black "Weeramantry, Sunil"]
[Result "0-1"]
[WhiteElo "1913"]
[BlackElo "2099"]
[PlyCount "50"]
[EventDate "2016.01.25"]
[EventType "swiss"]
[EventRounds "5"]
[EventCountry "ENG"]
[Source "lmi"]
[SourceDate "2016.01.25"]

1. d4 Nf6 2. Nf3 g6 3. g3 Bg7 4. Bg2 d6 5. O-O O-O 6. c4 Nc6 7. Nc3 Bg4 8. d5
Na5 9. b3 Nxd5 10. Nxd5 Bxf3 11. Bxf3 Bxa1 12. Bd2 Nxc4 13. bxc4 Bg7 14. Bg5
Re8 15. Nxe7+ Rxe7 16. Bxe7 Qxe7 17. Bxb7 Rb8 18. Bf3 Rb2 19. Qa4 Bd4 20. Rd1
Qe5 21. Qd7 Bb6 22. Qg4 Rxa2 23. h4 h5 24. Qc8+ Kg7 25. Rd5 Qxg3+ 0-1

[Event "Tradewise Gibraltar 2016 - Chalengers A"]
[Site "Gibraltar ENG"]
[Date "2016.01.25"]
[Round "1.26"]
[White "Har-Even, Abir"]
[Black "Wright, Jonathan"]
[Result "1-0"]
[WhiteElo "2094"]
[BlackElo "1902"]
[PlyCount "124"]
[EventDate "2016.01.25"]
[EventType "swiss"]
[EventRounds "5"]
[EventCountry "ENG"]
[Source "lmi"]
[SourceDate "2016.01.25"]

1. e4 c5 2. Nc3 e6 3. f4 d5 4. exd5 exd5 5. Bb5+ Nc6 6. Nf3 a6 7. Bxc6+ bxc6 8.
O-O Ne7 9. Qe2 Bg4 10. d3 Qc7 11. Na4 Bxf3 12. Rxf3 Kd8 13. Nxc5 Nf5 14. Nb3
Bd6 15. Bd2 Kd7 16. Qf2 c5 17. c4 d4 18. g4 Ne7 19. f5 Nc6 20. Bf4 Ne5 21. Bxe5
Bxe5 22. Nd2 h6 23. Ne4 f6 24. Rf1 a5 25. Qg2 a4 26. R3f2 Rab8 27. Qf3 Rb4 28.
Re2 Rhb8 29. Rff2 Rh8 30. h4 Rbb8 31. Kg2 Rbc8 32. Nd2 Qd6 33. Qb7+ Rc7 34.
Qb5+ Qc6+ 35. Qxc6+ Kxc6 36. Nb1 Re8 37. Na3 Rce7 38. Kf3 Bd6 39. Nb5 Re3+ 40.
Rxe3 Rxe3+ 41. Kg2 Rg3+ 42. Kf1 Be5 43. Ke2 Rxg4 44. h5 Rg5 45. b3 axb3 46.
axb3 Rxh5 47. Rg2 Rh2 48. Rxh2 Bxh2 49. Kf3 h5 50. Kg2 Be5 51. Kh3 Kb6 52. Na3
Bf4 53. Kh4 Bc1 54. Nc2 Kc6 55. Kxh5 Kd6 56. Kg4 Ke5 57. b4 cxb4 58. Nxb4 Be3
59. Nc6+ Kd6 60. Nd8 Ke7 61. Nb7 Kd7 62. Kf3 Kc6 1-0

[Event "Tradewise Gibraltar 2016 - Chalengers A"]
[Site "Gibraltar ENG"]
[Date "2016.01.25"]
[Round "1.27"]
[White "Downey, Keith"]
[Black "Pabalan, Rocky"]
[Result "0-1"]
[WhiteElo "1838"]
[BlackElo "2089"]
[PlyCount "74"]
[EventDate "2016.01.25"]
[EventType "swiss"]
[EventRounds "5"]
[EventCountry "ENG"]
[Source "lmi"]
[SourceDate "2016.01.25"]

1. Nf3 Nf6 2. c4 e6 3. g3 b6 4. Bg2 Bb7 5. O-O c5 6. Nc3 Be7 7. d4 cxd4 8. Qxd4
O-O 9. Rd1 Qc8 10. b3 d5 11. cxd5 Bc5 12. Qd3 Bxf2+ 13. Kxf2 Qxc3 14. Ba3 Rd8
15. Ng5 Ng4+ 16. Kg1 Qxd3 17. Rxd3 exd5 18. Rad1 Re8 19. R1d2 Ne3 20. Bf3 Nc6
21. Bxd5 Nxd5 22. Rxd5 Ne5 23. R5d4 h6 24. Nh3 Ba6 25. Ra4 Bb5 26. Rb4 a6 27.
Rf4 Rad8 28. Rc2 Rd1+ 29. Rf1 Nf3+ 30. Kf2 Rxf1+ 31. Kxf1 Nd4 32. Rd2 Nxe2 33.
Kf2 Nc3 34. Rc2 Nd1+ 35. Kf3 Bd3 36. Rd2 Be4+ 37. Ke2 Nc3+ 0-1

[Event "Tradewise Gibraltar 2016 - Chalengers A"]
[Site "Gibraltar ENG"]
[Date "2016.01.25"]
[Round "1.28"]
[White "Mohorea, Vasile"]
[Black "Cramling Bellon, Anna"]
[Result "1-0"]
[WhiteElo "2087"]
[BlackElo "1830"]
[PlyCount "127"]
[EventDate "2016.01.25"]
[EventType "swiss"]
[EventRounds "5"]
[EventCountry "ENG"]
[Source "lmi"]
[SourceDate "2016.01.25"]

1. d4 d5 2. Nf3 c6 3. c3 Bf5 4. Bf4 Nf6 5. Nbd2 h6 6. h3 e6 7. e3 Nbd7 8. Be2
Be7 9. O-O O-O 10. Ne5 Nxe5 11. Bxe5 Bd6 12. Bxd6 Qxd6 13. Nf3 Ne4 14. Bd3 Bh7
15. Qc2 f5 16. Ne5 c5 17. Bxe4 fxe4 18. Qe2 Rac8 19. f4 cxd4 20. exd4 Qe7 21.
g3 Rc7 22. Rf2 Rb8 23. Raf1 b5 24. Rc1 Qd6 25. Qe3 Qa6 26. a3 Qd6 27. g4 a5 28.
Rg2 b4 29. axb4 axb4 30. c4 Ra8 31. c5 Qf8 32. Rf1 Rca7 33. Kh2 Ra1 34. Rgg1
Rxf1 35. Rxf1 Qc8 36. Rf2 Qe8 37. f5 exf5 38. Qe1 Qe6 39. Qxb4 Rc8 40. gxf5
Bxf5 41. Qb7 Rf8 42. Rg2 Qf6 43. Qxd5+ Kh8 44. Qd6 Qxd6 45. cxd6 Kg8 46. Nc6
Kf7 47. d7 Bxd7 48. Ne5+ Ke6 49. Rxg7 Bb5 50. Ng4 Rf3 51. Rc7 e3 52. Rc5 Bf1
53. Re5+ Kd6 54. Rxe3 Rf4 55. Nxh6 Kd5 56. Kg3 Rxd4 57. h4 Rb4 58. b3 Bb5 59.
Nf5 Kc5 60. h5 Bc6 61. h6 Rb7 62. Ne7 Kd6 63. h7 Rb8 64. Ng6 1-0

[Event "Tradewise Gibraltar 2016 - Chalengers A"]
[Site "Gibraltar ENG"]
[Date "2016.01.25"]
[Round "1.30"]
[White "Burrows, Zachary"]
[Black "Haddock, Paul"]
[Result "1-0"]
[WhiteElo "2074"]
[BlackElo "1606"]
[PlyCount "47"]
[EventDate "2016.01.25"]
[EventType "swiss"]
[EventRounds "5"]
[EventCountry "ENG"]
[Source "lmi"]
[SourceDate "2016.01.25"]

1. c4 e5 2. g3 Nc6 3. Bg2 Nf6 4. Nc3 d6 5. d3 g6 6. Bg5 Bg7 7. Rb1 h6 8. Bxf6
Bxf6 9. b4 O-O 10. Nf3 Bg7 11. O-O f5 12. Nd5 Ne7 13. Nd2 c6 14. Nxe7+ Qxe7 15.
e3 Be6 16. Qb3 Rad8 17. Qa3 a6 18. Rbc1 d5 19. cxd5 cxd5 20. Qa5 e4 21. Rfd1
Rc8 22. Nb3 Rfd8 23. Nc5 Be5 24. dxe4 1-0

[Event "Tradewise Gibraltar 2016 - Chalengers A"]
[Site "Gibraltar ENG"]
[Date "2016.01.25"]
[Round "1.31"]
[White "Ungureanu, Sandu"]
[Black "Saber, Yasser"]
[Result "1-0"]
[WhiteElo "2051"]
[BlackElo "2230"]
[PlyCount "119"]
[EventDate "2016.01.25"]
[EventType "swiss"]
[EventRounds "5"]
[EventCountry "ENG"]
[Source "lmi"]
[SourceDate "2016.01.25"]

1. d4 d6 2. c4 f5 3. Nc3 Nf6 4. Bg5 Nbd7 5. Bxf6 Nxf6 6. f4 g6 7. e3 Bg7 8. Nf3
O-O 9. Qd2 c6 10. Be2 Qa5 11. O-O Kh8 12. h3 c5 13. Rab1 a6 14. b4 cxb4 15. Nd1
Ne4 16. Qxb4 Qxb4 17. Rxb4 e5 18. dxe5 dxe5 19. Nxe5 Bxe5 20. fxe5 Re8 21. Bf3
Nc5 22. Nf2 Rxe5 23. Rd1 Be6 24. Nd3 Nxd3 25. Rxd3 Rb8 26. Rxb7 Rxb7 27. Bxb7
Bxc4 28. Rc3 Rb5 29. Rxc4 Rxb7 30. Rc6 Ra7 31. Kf2 a5 32. a4 Kg7 33. Rc5 Kf6
34. Kf3 Ra6 35. h4 h6 36. g3 g5 37. hxg5+ hxg5 38. g4 f4 39. exf4 gxf4 40. Kxf4
Kg6 41. Ke4 Ra8 42. g5 Rh8 43. Rxa5 Rh4+ 44. Ke3 Rh3+ 45. Kf2 Ra3 46. Ke2 Rh3
47. Rc5 Ra3 48. a5 Kh5 49. Kd2 Kg6 50. Kc2 Kh5 51. Kb2 Ra4 52. Kb3 Ra1 53. Kb4
Rb1+ 54. Kc4 Rc1+ 55. Kb5 Ra1 56. a6 Kg6 57. Kb6 Rb1+ 58. Rb5 Ra1 59. a7 Kf7
60. Kb7 1-0

[Event "Tradewise Gibraltar 2016 - Chalengers A"]
[Site "Gibraltar ENG"]
[Date "2016.01.25"]
[Round "1.33"]
[White "Samaganova, Alexandra"]
[Black "Boado Rodriguez, Martin"]
[Result "1-0"]
[WhiteElo "1992"]
[BlackElo "2121"]
[PlyCount "67"]
[EventDate "2016.01.25"]
[EventType "swiss"]
[EventRounds "5"]
[EventCountry "ENG"]
[Source "lmi"]
[SourceDate "2016.01.25"]

1. d4 d5 2. Nf3 c6 3. c4 e6 4. Nc3 f5 5. Bf4 Nf6 6. e3 Bd6 7. Be2 O-O 8. Qc2
Bxf4 9. exf4 Ne4 10. O-O Nd7 11. Rfe1 Qf6 12. Bf1 Qh6 13. g3 Qh5 14. Bg2 h6 15.
b4 g5 16. Ne2 a5 17. b5 g4 18. Ne5 Nxe5 19. dxe5 Bd7 20. bxc6 bxc6 21. Rab1
Rfb8 22. cxd5 exd5 23. Bxe4 fxe4 24. Qc5 Qe8 25. Qd6 Rxb1 26. Rxb1 Qe6 27. Qc5
h5 28. Nd4 Qe8 29. Qd6 Rd8 30. Rb7 c5 31. Qxd5+ Kh8 32. Qxc5 Bc8 33. Rc7 Ba6
34. e6 1-0

[Event "Tradewise Gibraltar 2016 - Chalengers A"]
[Site "Gibraltar ENG"]
[Date "2016.01.25"]
[Round "1.34"]
[White "Schouten, Freek"]
[Black "Adebajo, Olufemi"]
[Result "1-0"]
[WhiteElo "2053"]
[BlackElo "1963"]
[PlyCount "82"]
[EventDate "2016.01.25"]
[EventType "swiss"]
[EventRounds "5"]
[EventCountry "ENG"]
[Source "lmi"]
[SourceDate "2016.01.25"]

1. c4 Nf6 2. Nc3 d5 3. cxd5 Nxd5 4. g3 Nxc3 5. bxc3 Bd7 6. Bg2 Bc6 7. Nf3 e5 8.
O-O Nd7 9. d4 exd4 10. cxd4 Nf6 11. Ne5 Bxg2 12. Kxg2 Bd6 13. Rb1 O-O 14. Rxb7
Re8 15. Bb2 Nd7 16. Nxd7 Qxd7 17. d5 Qc8 18. Rb5 Qg4 19. e3 Qg6 20. Bd4 a6 21.
Rb7 h5 22. Qb1 Qg5 23. e4 f6 24. Be3 Qg6 25. f3 h4 26. Bf2 Re5 27. Rb8+ Rxb8
28. Qxb8+ Kh7 29. Qc8 f5 30. exf5 Rxf5 31. Qe6 Qg5 32. Qe4 g6 33. Qxh4+ Qxh4
34. gxh4 Rxd5 35. Rc1 Rd2 36. Kg1 Rxa2 37. Rc6 a5 38. Bg3 Rd2 39. Ra6 Rd5 40.
Ra7 Kh6 41. Kg2 Rf5 1-0

[Event "Tradewise Gibraltar 2016 - Chalengers A"]
[Site "Gibraltar ENG"]
[Date "2016.01.25"]
[Round "1.35"]
[White "Mashayekh, Majid"]
[Black "Jimenez Ruiz, Jose Carlos"]
[Result "1/2-1/2"]
[WhiteElo "1945"]
[BlackElo "1925"]
[PlyCount "100"]
[EventDate "2016.01.25"]
[EventType "swiss"]
[EventRounds "5"]
[EventCountry "ENG"]
[Source "lmi"]
[SourceDate "2016.01.25"]

1. d4 d6 2. e4 Nf6 3. Nc3 c6 4. Bd3 e5 5. Nf3 Bg4 6. dxe5 dxe5 7. h3 Bxf3 8.
Qxf3 Nbd7 9. Be3 Bc5 10. O-O-O Qe7 11. g4 Bxe3+ 12. Qxe3 Qc5 13. Qe2 g6 14.
Rhf1 O-O-O 15. Bc4 Qe7 16. Qe3 Kb8 17. f4 Ka8 18. g5 Nh5 19. f5 f6 20. h4 Nf4
21. Ne2 fxg5 22. hxg5 Qxg5 23. Nxf4 exf4 24. Qxf4 Qxf4+ 25. Rxf4 Ne5 26. Be6 g5
27. Rff1 Kb8 28. Rxd8+ Rxd8 29. f6 Kc7 30. Rh1 Kd6 31. Bf5 Rf8 32. Rxh7 Rxf6
33. Rxb7 Rf7 34. Rb8 Rg7 35. Rd8+ Kc5 36. Re8 Nc4 37. b3 Nd6 38. Re6 a5 39. Kd2
g4 40. Rg6 Rxg6 41. Bxg6 Kd4 42. c3+ Ke5 43. Ke3 g3 44. c4 g2 45. Kf2 Nxe4+ 46.
Kxg2 Nc3 47. a3 Kd4 48. Kf2 a4 49. bxa4 Nxa4 50. Be8 Kxc4 1/2-1/2

[Event "Tradewise Gibraltar 2016 - Chalengers A"]
[Site "Gibraltar ENG"]
[Date "2016.01.26"]
[Round "2.1"]
[White "Menna Barreto, Felipe Kubiaki"]
[Black "Nordquelle, Daniel"]
[Result "1-0"]
[WhiteElo "2247"]
[BlackElo "2102"]
[PlyCount "79"]
[EventDate "2016.01.25"]
[EventType "swiss"]
[EventRounds "5"]
[EventCountry "ENG"]
[Source "lmi"]
[SourceDate "2016.01.25"]

1. Nf3 Nf6 2. c4 e6 3. g3 d5 4. Bg2 Be7 5. O-O O-O 6. b3 c6 7. d3 Nbd7 8. Bb2
b6 9. Nbd2 Bb7 10. e3 Rc8 11. Qe2 Qc7 12. Rac1 Rfd8 13. cxd5 exd5 14. d4 Nb8
15. Rfd1 Ba6 16. Qe1 Nbd7 17. Ne5 Nxe5 18. dxe5 Nd7 19. f4 Nc5 20. Nf3 Qb7 21.
Bf1 Ne4 22. Bh3 Rc7 23. Rc2 Nc5 24. Bf1 Bxf1 25. Qxf1 Qa6 26. Nd4 Rdc8 27. Rdc1
Qxf1+ 28. Kxf1 Nd3 29. Rd1 Nb4 30. Re2 Nxa2 31. Nf5 Bc5 32. e4 Nb4 33. Ba3 dxe4
34. Rxe4 a5 35. Bxb4 Bxb4 36. Red4 g6 37. Rd8+ Rxd8 38. Rxd8+ Bf8 39. Nd6 Kg7
40. Ne8+ 1-0

[Event "Tradewise Gibraltar 2016 - Chalengers A"]
[Site "Gibraltar ENG"]
[Date "2016.01.26"]
[Round "2.2"]
[White "Weeramantry, Sunil"]
[Black "Longa Yauca, Javier"]
[Result "0-1"]
[WhiteElo "2099"]
[BlackElo "2234"]
[PlyCount "134"]
[EventDate "2016.01.25"]
[EventType "swiss"]
[EventRounds "5"]
[EventCountry "ENG"]
[Source "lmi"]
[SourceDate "2016.01.25"]

1. e4 e5 2. Nf3 Nc6 3. Bc4 d6 4. d4 Be7 5. dxe5 dxe5 6. Qxd8+ Bxd8 7. Bb5 Bd7
8. Nc3 Nb4 9. Bxd7+ Kxd7 10. Kd1 f6 11. a3 Na6 12. Be3 c6 13. Ke2 Bb6 14. Rhd1+
Kc7 15. Bxb6+ axb6 16. Rd2 Rd8 17. Rxd8 Kxd8 18. Nd2 b5 19. a4 b4 20. Na2 Kc7
21. Nc4 Ne7 22. Rd1 Nc5 23. f3 Nxa4 24. Rb1 b5 25. Ne3 c5 26. b3 Nb6 27. c3 Ra8
28. Rb2 bxc3 29. Nxc3 b4 30. Ncd5+ Nexd5 31. exd5 Kd6 32. g4 g6 33. h4 Ra1 34.
Kf2 Rh1 35. Kg2 Rc1 36. Kf2 Rc3 37. h5 c4 38. bxc4 Nxc4 39. Rxb4 Nxe3 40. Rb6+
Kxd5 41. Rxf6 g5 42. Rh6 Kd4 43. Rd6+ Nd5 44. Rd7 Rc2+ 45. Kg3 h6 46. Rd6 Kc5
47. Re6 Ne3 48. Rxe5+ Kd4 49. f4 Nd5 50. Re6 gxf4+ 51. Kf3 Rc3+ 52. Kf2 Rh3 53.
Rxh6 Ne3 54. Rg6 Ke4 55. Re6+ Kd5 56. Rg6 Ke5 57. h6 Rxh6 58. Rg8 Rh2+ 59. Kf3
Rh3+ 60. Kf2 Nd5 61. Re8+ Kd4 62. g5 Rg3 63. Rg8 Nc3 64. g6 Ne4+ 65. Ke2 f3+
66. Kf1 Ke3 67. Re8 Rg2 0-1

[Event "Tradewise Gibraltar 2016 - Chalengers A"]
[Site "Gibraltar ENG"]
[Date "2016.01.26"]
[Round "2.3"]
[White "House, Glenn L"]
[Black "Har-Even, Abir"]
[Result "0-1"]
[WhiteElo "2226"]
[BlackElo "2094"]
[PlyCount "60"]
[EventDate "2016.01.25"]
[EventType "swiss"]
[EventRounds "5"]
[EventCountry "ENG"]
[Source "lmi"]
[SourceDate "2016.01.25"]

1. Nf3 d6 2. g3 f5 3. Bg2 Nf6 4. d3 g6 5. c4 Bg7 6. Nc3 Nc6 7. O-O O-O 8. Rb1
e5 9. b4 h6 10. b5 Ne7 11. Nd2 g5 12. a4 Rb8 13. a5 f4 14. Nd5 Nexd5 15. cxd5
Qe8 16. b6 cxb6 17. axb6 a6 18. Ba3 Qd8 19. Nc4 Ne8 20. Qb3 Bg4 21. Rbe1 Qd7
22. Nd2 Rd8 23. Qb4 Rf7 24. Bb2 Bh3 25. Ne4 Bxg2 26. Kxg2 Qf5 27. Kh1 f3 28.
Kg1 g4 29. exf3 gxf3 30. g4 Qxg4+ 0-1

[Event "Tradewise Gibraltar 2016 - Chalengers A"]
[Site "Gibraltar ENG"]
[Date "2016.01.26"]
[Round "2.4"]
[White "Pabalan, Rocky"]
[Black "Gueler, Sebastian"]
[Result "1-0"]
[WhiteElo "2089"]
[BlackElo "2189"]
[PlyCount "53"]
[EventDate "2016.01.25"]
[EventType "swiss"]
[EventRounds "5"]
[EventCountry "ENG"]
[Source "lmi"]
[SourceDate "2016.01.25"]

1. e4 e6 2. Nf3 d5 3. Nc3 Nf6 4. e5 Nfd7 5. d4 c5 6. dxc5 Nc6 7. Bf4 Bxc5 8.
Bd3 f6 9. Qe2 Ndxe5 10. Nxe5 Nxe5 11. Bxe5 fxe5 12. Qh5+ Kf8 13. Qxe5 Qf6 14.
Qg3 Bd7 15. O-O Rc8 16. Kh1 g6 17. f4 Kg7 18. Rae1 Bb4 19. Re5 Bd6 20. Rg5 Rhf8
21. h4 Bxf4 22. Rxf4 Qxf4 23. Rxg6+ Kh8 24. Rg8+ Rxg8 25. Qxf4 Rgf8 26. Qe5+
Kg8 27. Qg5+ 1-0

[Event "Tradewise Gibraltar 2016 - Chalengers A"]
[Site "Gibraltar ENG"]
[Date "2016.01.26"]
[Round "2.5"]
[White "Mohorea, Vasile"]
[Black "Gonzalez Gonzalez, Alfonso"]
[Result "1-0"]
[WhiteElo "2087"]
[BlackElo "2173"]
[PlyCount "83"]
[EventDate "2016.01.25"]
[EventType "swiss"]
[EventRounds "5"]
[EventCountry "ENG"]
[Source "lmi"]
[SourceDate "2016.01.25"]

1. d4 d6 2. Nf3 Nf6 3. c4 g6 4. Nc3 Bg7 5. e4 O-O 6. h3 c5 7. Be3 cxd4 8. Nxd4
b6 9. Be2 Bb7 10. Qc2 Nbd7 11. O-O Nc5 12. Bf3 Nfd7 13. b4 Na6 14. a3 Ne5 15.
Be2 Rc8 16. Qb3 Nb8 17. Rad1 Ba6 18. Ncb5 Qe8 19. Nxa7 Rxc4 20. b5 Rxd4 21.
Bxd4 Bb7 22. Qc3 g5 23. Bxb6 Bxe4 24. Qe3 f5 25. f3 Bc2 26. Rc1 f4 27. Qd2 Bf5
28. Qd5+ Kh8 29. Bf2 Qh5 30. Kh2 e6 31. Qxd6 Nxf3+ 32. Bxf3 g4 33. Bd4 e5 34.
Bxe5 Nd7 35. Bxg7+ Kxg7 36. Qd4+ Nf6 37. Rc7+ Kg6 38. Bd1 f3 39. Bxf3 gxf3 40.
Rxf3 Bxh3 41. Rxh3 Ng4+ 42. Qxg4+ 1-0

[Event "Tradewise Gibraltar 2016 - Chalengers A"]
[Site "Gibraltar ENG"]
[Date "2016.01.26"]
[Round "2.6"]
[White "Ajele, Rotimi"]
[Black "Burrows, Zachary"]
[Result "0-1"]
[WhiteElo "2163"]
[BlackElo "2074"]
[PlyCount "120"]
[EventDate "2016.01.25"]
[EventType "swiss"]
[EventRounds "5"]
[EventCountry "ENG"]
[Source "lmi"]
[SourceDate "2016.01.25"]

1. d4 Nf6 2. c4 c5 3. d5 Ne4 4. Nd2 Qa5 5. Qc2 Nd6 6. e4 g6 7. Ngf3 Bg7 8. Be2
Na6 9. O-O Nb4 10. Qd1 O-O 11. Nb3 Qc7 12. a3 Na6 13. Qc2 Ne8 14. Bd2 d6 15.
Bc3 Bd7 16. Nbd2 Rb8 17. Rfc1 Rc8 18. Bd3 Nb8 19. Re1 e5 20. dxe6 Bxe6 21. Bxg7
Nxg7 22. e5 dxe5 23. Nxe5 Nd7 24. Nxd7 Qxd7 25. Ne4 Qe7 26. Rad1 Nf5 27. Qc3
Nd4 28. Bf1 b6 29. Qg3 f5 30. Ng5 f4 31. Qh4 Rf5 32. Rxd4 cxd4 33. Rxe6 Qxg5
34. Qh3 f3 35. Re1 Rcf8 36. Rd1 fxg2 37. Bxg2 Qf4 38. Qg3 Qxg3 39. fxg3 Rf2 40.
b4 Rb2 41. Bd5+ Kg7 42. Rxd4 Re8 43. Rd1 Rc2 44. a4 Rce2 45. Kf1 Rb2 46. c5
bxc5 47. bxc5 Rd8 48. c6 Rc2 49. Ke1 Kf6 50. Rd3 Ke5 51. Bb3 Rxd3 52. Bxc2 Rc3
53. Kd2 Rxc6 54. Bd3 Kd4 55. Bb5 Rf6 56. Ke2 a6 57. Bd7 Rf7 58. Bc6 Rc7 59. Ba8
Rc2+ 60. Kf3 Rxh2 0-1

[Event "Tradewise Gibraltar 2016 - Chalengers A"]
[Site "Gibraltar ENG"]
[Date "2016.01.26"]
[Round "2.7"]
[White "Hamer, Martyn"]
[Black "Ranaivoharisoa, Alain"]
[Result "1-0"]
[WhiteElo "2058"]
[BlackElo "2160"]
[PlyCount "143"]
[EventDate "2016.01.25"]
[EventType "swiss"]
[EventRounds "5"]
[EventCountry "ENG"]
[Source "lmi"]
[SourceDate "2016.01.25"]

1. Nf3 c5 2. c4 Nf6 3. Nc3 e6 4. g3 b6 5. Bg2 Bb7 6. O-O Be7 7. Re1 O-O 8. e4
d6 9. d4 cxd4 10. Nxd4 Qd7 11. Be3 Rc8 12. Qe2 a6 13. g4 Qc7 14. Rac1 Nc6 15.
b3 Nd7 16. f4 Nxd4 17. Bxd4 e5 18. Be3 exf4 19. Bxf4 Ne5 20. Red1 Re8 21. Be3
Bc6 22. Nb5 Qb7 23. Nxd6 Bxd6 24. Rxd6 Rac8 25. Bf2 Ng6 26. Qe3 Bxe4 27. Bxe4
Rxe4 28. Qxb6 Rxg4+ 29. Bg3 Qe7 30. Rcd1 Nf8 31. Kf1 Re8 32. Re1 Re4 33. Rdd1
h5 34. Qc6 Re6 35. Rxe6 Nxe6 36. Bf2 Rd8 37. Rxd8+ Qxd8 38. Qe4 Qd1+ 39. Be1
Qd6 40. Bg3 Qd1+ 41. Kf2 Qd2+ 42. Qe2 Qd4+ 43. Qe3 h4 44. Be5 Qg4 45. Qf3 Qg5
46. Qa8+ Kh7 47. Qe4+ f5 48. Qe3 Qh5 49. Qf3 Qg6 50. Qg2 Qf7 51. Qd5 Qe7 52.
Bd6 Qf6 53. Qe5 Qf7 54. c5 Ng5 55. Ke1 Ne4 56. Kd1 Qg6 57. Qf4 Qg1+ 58. Kc2
Qg2+ 59. Kc1 Qh3 60. Qe5 Kg6 61. Kb2 Qd3 62. Ka3 a5 63. Qe6+ Kg5 64. Be7+ Kf4
65. c6 Qc3 66. Bd6+ Ke3 67. c7 Qc1+ 68. Ka4 Qc6+ 69. Kxa5 Qxd6 70. c8=Q Qa3+
71. Kb6 Qb4+ 72. Ka7 1-0

[Event "Tradewise Gibraltar 2016 - Chalengers A"]
[Site "Gibraltar ENG"]
[Date "2016.01.26"]
[Round "2.8"]
[White "Severijnen, Arjon"]
[Black "Schouten, Freek"]
[Result "1/2-1/2"]
[WhiteElo "2151"]
[BlackElo "2053"]
[PlyCount "30"]
[EventDate "2016.01.25"]
[EventType "swiss"]
[EventRounds "5"]
[EventCountry "ENG"]
[Source "lmi"]
[SourceDate "2016.01.25"]

1. e4 g6 2. d4 Bg7 3. Nc3 d6 4. Bg5 a6 5. Qd2 b5 6. a3 Nd7 7. O-O-O c5 8. Nf3
Bb7 9. dxc5 Nxc5 10. Bd3 Rc8 11. Kb1 Qa5 12. Ne2 Qxd2 13. Nxd2 Nf6 14. f3 O-O
15. Nc1 Rc7 1/2-1/2

[Event "Tradewise Gibraltar 2016 - Chalengers A"]
[Site "Gibraltar ENG"]
[Date "2016.01.26"]
[Round "2.9"]
[White "Ungureanu, Sandu"]
[Black "Osuna Vega, Enrique"]
[Result "1/2-1/2"]
[WhiteElo "2051"]
[BlackElo "2127"]
[PlyCount "153"]
[EventDate "2016.01.25"]
[EventType "swiss"]
[EventRounds "5"]
[EventCountry "ENG"]
[Source "lmi"]
[SourceDate "2016.01.25"]

1. d4 Nf6 2. c4 g6 3. Nc3 d5 4. Bg5 Ne4 5. Nxe4 dxe4 6. e3 Bg7 7. Ne2 c5 8. Bf4
O-O 9. Bxb8 Rxb8 10. Qd2 Qb6 11. dxc5 Qxc5 12. Nc3 Bf5 13. Be2 Rfd8 14. Qc2 Qa5
15. O-O Bxc3 16. bxc3 h5 17. Rfd1 Rbc8 18. Rxd8+ Rxd8 19. Rd1 Rxd1+ 20. Bxd1
Be6 21. Be2 Qa6 22. Qb3 Qc6 23. g3 b6 24. Kf1 h4 25. Ke1 hxg3 26. hxg3 Qc5 27.
Qb4 Qe5 28. Qa3 Kg7 29. Kd2 Qd6+ 30. Qxd6 exd6 31. a3 Kf6 32. Kc2 Ke7 33. Kb3
Kd7 34. Kb4 Kc6 35. f4 a5+ 36. Kb3 Kc5 37. a4 Bc8 38. g4 Ba6 39. g5 d5 40. Bf1
dxc4+ 41. Kb2 Bb7 42. Bh3 Kd6 43. Ka3 Ke7 44. Bg4 f6 45. gxf6+ Kxf6 46. Kb2 g5
47. fxg5+ Kxg5 48. Be6 Bc6 49. Bxc4 Bxa4 50. Bd5 Kf5 51. c4 Ke5 52. Kc3 Bd7 53.
Bb7 Bh3 54. Bc6 Bf5 55. Be8 Bh3 56. Ba4 Bg4 57. Bc6 Bd1 58. Kd2 Bf3 59. Kc3 Kd6
60. Bd5 Kc5 61. Bf7 Be2 62. Be6 a4 63. Bd7 a3 64. Kb3 a2 65. Kxa2 Kxc4 66. Bf5
Kd3 67. Kb3 Kxe3 68. Kc3 Bf3 69. Kc4 Be2+ 70. Kd5 Bd3 71. Ke5 b5 72. Kd5 b4 73.
Bxe4 Ba6 74. Kc5 b3 75. Kb4 b2 76. Kc3 Kxe4 77. Kxb2 1/2-1/2

[Event "Tradewise Gibraltar 2016 - Chalengers A"]
[Site "Gibraltar ENG"]
[Date "2016.01.26"]
[Round "2.10"]
[White "Maloberti, David"]
[Black "Paronen, Petteri"]
[Result "0-1"]
[WhiteElo "2006"]
[BlackElo "2122"]
[PlyCount "194"]
[EventDate "2016.01.25"]
[EventType "swiss"]
[EventRounds "5"]
[EventCountry "ENG"]
[Source "lmi"]
[SourceDate "2016.01.25"]

1. d4 Nf6 2. c4 Nc6 3. d5 Ne5 4. e3 e6 5. Nf3 Nxf3+ 6. Qxf3 Bb4+ 7. Bd2 Bxd2+
8. Nxd2 Qe7 9. dxe6 dxe6 10. e4 e5 11. Qc3 O-O 12. Bd3 Rd8 13. Bc2 c5 14. Nf3
Nd7 15. O-O-O f6 16. Qd3 Rf8 17. Qd5+ Rf7 18. Qd6 Nb6 19. b3 Bg4 20. Qxe7 Rxe7
21. Rd6 Bxf3 22. gxf3 Rd7 23. Rxd7 Nxd7 24. Rd1 Nf8 25. Rd5 Rc8 26. Bd3 Rc7 27.
Kd2 Kf7 28. Ke3 Ne6 29. Bf1 Ke7 30. Rd2 Nf4 31. Be2 Rd7 32. Rxd7+ Kxd7 33. Bd1
Kc6 34. a3 g5 35. Kd2 Kd6 36. Ke3 Ke6 37. b4 b6 38. bxc5 bxc5 39. Kd2 Kd6 40.
Ba4 Ne6 41. Bd1 Nd4 42. Ke3 Ke6 43. Ba4 Kf7 44. Bd7 Ke7 45. Ba4 Kd6 46. Bd1 Kc7
47. Kd3 Kb6 48. Ke3 Kc7 49. Ba4 Kd6 50. Bd1 h5 51. Kd3 Ke6 52. Ke3 f5 53. Kd3
f4 54. Kd2 Kd6 55. Ke1 Nc6 56. Kd2 Ne7 57. h3 Ng8 58. Kd3 Nf6 59. Ba4 g4 60.
fxg4 hxg4 61. hxg4 Nxg4 62. Ke2 Nf6 63. Kf3 Ke6 64. Bc6 Kf7 65. Bb7 Kg6 66. Bc8
Kg5 67. Bf5 Ne8 68. Be6 Nf6 69. Bf5 Ng8 70. Be6 Ne7 71. Kg2 Nc6 72. f3 Nd4 73.
Bd5 Nc2 74. a4 a5 75. Kf2 Kh4 76. Kg2 Ne1+ 77. Kf2 Nd3+ 78. Ke2 Nb2 79. Bc6
Nxc4 80. Kd3 Nd6 81. Bd7 Kg3 82. Bg4 Kf2 83. Kc3 Ke1 84. Bh5 Kd1 85. Bg4 Ke2
86. Bh5 Ke3 87. Kc2 Kd4 88. Bg4 c4 89. Bd7 Nb7 90. Bc6 Nc5 91. Bb5 Nd3 92. Kd2
Nb4 93. Ke2 c3 94. Be8 Nc2 95. Bf7 Ne3 96. Be6 Nc4 97. Bf7 c2 0-1

[Event "Tradewise Gibraltar 2016 - Chalengers A"]
[Site "Gibraltar ENG"]
[Date "2016.01.26"]
[Round "2.11"]
[White "Burrows, Martin P"]
[Black "Samaganova, Alexandra"]
[Result "1/2-1/2"]
[WhiteElo "2115"]
[BlackElo "1992"]
[PlyCount "81"]
[EventDate "2016.01.25"]
[EventType "swiss"]
[EventRounds "5"]
[EventCountry "ENG"]
[Source "lmi"]
[SourceDate "2016.01.25"]

1. e4 c5 2. Nf3 e6 3. d4 cxd4 4. Nxd4 a6 5. Bd3 Nf6 6. O-O Qc7 7. c4 b6 8. Nc3
Bb7 9. Qe2 d6 10. Be3 Nbd7 11. Rac1 Be7 12. f3 O-O 13. Qf2 Rac8 14. Rfd1 Rfe8
15. Bf1 Bd8 16. b4 Qb8 17. Nb3 Bc7 18. g3 h5 19. a4 Qa8 20. a5 bxa5 21. Nxa5
Bxa5 22. bxa5 d5 23. exd5 exd5 24. c5 d4 25. Bxd4 Bxf3 26. Bg2 Bxg2 27. Qxg2
Qxg2+ 28. Kxg2 Nxc5 29. Bxf6 gxf6 30. Nd5 Kg7 31. Nf4 h4 32. gxh4 Nb3 33. Rxc8
Rxc8 34. Rd6 Nxa5 35. Rxa6 Rc5 36. Ra7 Re5 37. Rc7 Nb3 38. Rc3 Nd4 39. Rg3+ Kh6
40. Rg8 Kh7 41. Ra8 1/2-1/2

[Event "Tradewise Gibraltar 2016 - Chalengers A"]
[Site "Gibraltar ENG"]
[Date "2016.01.26"]
[Round "2.12"]
[White "Mottonen, Ari"]
[Black "Kandic, Milan"]
[Result "1/2-1/2"]
[WhiteElo "1981"]
[BlackElo "2109"]
[PlyCount "76"]
[EventDate "2016.01.25"]
[EventType "swiss"]
[EventRounds "5"]
[EventCountry "ENG"]
[Source "lmi"]
[SourceDate "2016.01.25"]

1. Nf3 d5 2. g3 c6 3. Bg2 Bg4 4. O-O Nf6 5. d3 Nbd7 6. Nbd2 e5 7. c4 d4 8. b3
Bd6 9. h3 Bxf3 10. Nxf3 a5 11. e3 dxe3 12. Bxe3 O-O 13. d4 exd4 14. Nxd4 Bc5
15. Qc2 Qb6 16. Rad1 Rad8 17. Kh2 Rfe8 18. Nf5 Bxe3 19. Nxe3 Nc5 20. Rxd8 Rxd8
21. Rd1 Rd7 22. Rxd7 Ncxd7 23. Qc3 Qc5 24. Qd2 g6 25. Nc2 a4 26. Qd4 axb3 27.
axb3 Qf5 28. Ne1 h5 29. Qe3 Qc5 30. Qxc5 Nxc5 31. b4 Nce4 32. Nd3 Kf8 33. f3
Nd2 34. c5 Nd5 35. f4 Ne3 36. b5 Nxg2 37. bxc6 bxc6 38. Kxg2 Nb3 1/2-1/2